El Octavo informe de derechos humanos (segunda parte)

Bewaard in:
Bibliografische gegevens
Formaat: Texto
Onderwerpen:
Tags: Voeg label toe
Geen labels, Wees de eerste die dit record labelt!

MARC

LEADER 00000 a a2200000 04500
001 5801
003
040
245 |a El Octavo informe de derechos humanos (segunda parte)  
650 |a DERECHOS HUMANOS  
650 |a INFORMES  
650 |a VIOLANCIA  
650 |a DERECHO CONSTITUCIONAL  
650 |a RECOMENDACIONES  
773 |g volumen 14, número 587; páginas 13-16  
999 |c 35930  |d 35930